<?xml version="1.0" encoding="UTF-8"?>
<collection xmlns="http://www.loc.gov/MARC21/slim">
 <record>
  <leader>     na                 </leader>
  <controlfield tag="001">INLIS000000000000013</controlfield>
  <controlfield tag="005">20200911093032</controlfield>
  <controlfield tag="035">$a 0010-0920000013</controlfield>
  <controlfield tag="245">$a Komik Next G: Sosok di Tengah Hujan /$c Izzaty Aulia</controlfield>
  <controlfield tag="100">$a Izzaty Aulia</controlfield>
  <controlfield tag="300">$a 100 hlm. ; $c 21 cm.</controlfield>
  <controlfield tag="700">$a Sastro</controlfield>
  <controlfield tag="260">$a Bandung :$b Muffin Graphics (PT Cerita Anak Bangsa),$c 2019</controlfield>
  <controlfield tag="082">$a 813</controlfield>
  <controlfield tag="084">$a 813 IZZ k</controlfield>
  <controlfield tag="020">$a 978-602-367-757-3</controlfield>
  <controlfield tag="990">$a 0021/2020</controlfield>
  <controlfield tag="990">$a 0020/2020</controlfield>
 </record>
</collection>
